00722nam a2200241 a 4500001001300000003000900013005001700022008004100039020001000080082001600090100002500106245002600131260004000157300000900197500003500206505003400241650001600275700002500291902000800316942000700324952013200331999001700463nice12345678IN_TiNIC20260116013246.0050524s1987 newa grp 000 0 eng  ac17500a340.59bENG aEngineer, Asghar Ali aShsh Bano Controversy aNew Delhi bOrient Blackswan c1987 a242p aincludes index and biblioraphy2 aAppendix, Bibliography, Index aIslamic-Law1 aEngineer, Asghar Ali bSRS cBK 001040708StackRoom-aHMIbHMId2009-09-29g175.00l2m1o340.59 ENGp018107r2018-03-07s2018-01-17v175.00w2005-05-24yBK c10289d10289